Thương luật : Bộ luật này đã được tổng thống VNCH ban hành bằng sắc luật số 029 TT-SLU ngày 20 tháng 12 năm 1972
Sách trình bày những điều khoản tổng quát, những điều khoản chung cho các thương hội, các điều khoản về hành vi thương mại và thương mại hàng hải, khánh tận, phá sản và thanh toán tư pháp.
محفوظ في:
| التنسيق: | كتاب |
|---|---|
| اللغة: | Undetermined |
| منشور في: |
Sài Gòn
Thần Chung
1973
|
| الموضوعات: | |
| الوسوم: |
إضافة وسم
لا توجد وسوم, كن أول من يضع وسما على هذه التسجيلة!
|
| Thư viện lưu trữ: | Trung tâm Học liệu Trường Đại học Cần Thơ |
|---|
| LEADER | 00978nam a2200205Ia 4500 | ||
|---|---|---|---|
| 001 | CTU_204769 | ||
| 008 | 210402s9999 xx 000 0 und d | ||
| 082 | |a 346.59707 | ||
| 082 | |b Th561 | ||
| 245 | 0 | |a Thương luật : | |
| 245 | 0 | |b Bộ luật này đã được tổng thống VNCH ban hành bằng sắc luật số 029 TT-SLU ngày 20 tháng 12 năm 1972 | |
| 245 | 0 | |c Việt Nam Cộng hòa | |
| 260 | |a Sài Gòn | ||
| 260 | |b Thần Chung | ||
| 260 | |c 1973 | ||
| 520 | |a Sách trình bày những điều khoản tổng quát, những điều khoản chung cho các thương hội, các điều khoản về hành vi thương mại và thương mại hàng hải, khánh tận, phá sản và thanh toán tư pháp. | ||
| 650 | |a Commercial law,Luật thương mại | ||
| 650 | |z Vietnam,Việt Nam | ||
| 904 | |i Hải | ||
| 980 | |a Trung tâm Học liệu Trường Đại học Cần Thơ | ||